| 000 | 01037 a2200217 4500 | ||
|---|---|---|---|
| 001 | 60932 | ||
| 005 | 20260407155859.0 | ||
| 008 | 260407a1988 arg spa d | ||
| 003 | AR-UNSa-BCEJYS | ||
| 040 |
_aAR-UNSa-BCEJYS _bspa _cAR-UNSa-BCEJYS |
||
| 080 |
_a352.9 _xÓrganos autónomos de la administración local |
||
| 245 | 1 | 0 | _aEl régimen constitucional de las competencias locales |
| 020 | _a978-84-7088-464-1 | ||
| 264 | 1 |
_aMadrid : _bInstituto Nacional de Administración Pública (INAP) _c1988 |
|
| 300 |
_a221 p. _c21 cm. |
||
| 505 | _a1. La ausencia de una regulación constitucional expresa de las competencias de los entes locales - 2. Los elementos constitucionales del sistema de comepetencias locales - 3. La regulación general del régimen de las competencias en la ley reguladora de las bases del régimen local (Ley 7/1985, 2 de abril) - 4. La legislación autonómica sobre las competencias provinciales. | ||
| 041 | _aspa | ||
| 942 | _cBK | ||
| 590 | _aniveau_biblio:m niveau_hierar:0 | ||
| 100 | 1 | _aOrtega, Luis | |
| 999 |
_c7130 _d7130 |
||